[Event "CYCC U12"]
[Site "Quebec CAN"]
[Date "2008.07.14"]
[Round "2"]
[White "Sohal, Tanraj"]
[Black "Itkin, David"]
[Result "1-0"]
[WhiteElo "1876"]
[BlackElo "1597"]
[PlyCount "115"]
[GameId "2160767910354032"]
[EventDate "2008.07.14"]
[EventType "swiss"]
[EventRounds "7"]
[EventCountry "CAN"]
[SourceTitle "EXT 2011"]
[Source "ChessBase"]
[SourceDate "2011.11.26"]
[SourceVersion "1"]
[SourceVersionDate "2011.11.26"]
[SourceQuality "1"]

1. d4 Nf6 2. c4 e5 3. dxe5 Ng4 4. Nf3 Nc6 5. e3 Ngxe5 6. Be2 g6 7. O-O Bg7 8. Nd4 O-O 9. Nc2 Ne7 10. Nc3 b6 11. e4 Bb7 12. Be3 f5 13. f4 N5c6 14. e5 d6 15. exd6 Qxd6 16. Qxd6 cxd6 17. Rad1 Rfd8 18. Nd4 Nxd4 19. Bxd4 Bxd4+ 20. Rxd4 Nc6 21. Rd2 Rd7 22. Rfd1 Rad8 23. Nb5 a6 24. Nxd6 Ba8 25. Bf3 Ne7 26. Ne4 Rxd2 27. Rxd2 Rc8 28. Nd6 Rd8 29. Be2 Nc6 30. Bf3 Ne7 31. Bxa8 Rxa8 32. b3 Rd8 33. Ne4 Rxd2 34. Nxd2 Nc6 35. Kf2 Kf7 36. Nf3 h6 37. a3 Ke6 38. Ke3 Na5 39. Nd4+ Kd6 40. Kd3 Nb7 41. b4 a5 42. h4 Kd7 43. Nf3 Ke6 44. Ne5 g5 45. hxg5 hxg5 46. g3 Nd6 47. Nf3 g4 48. Nd4+ Kf6 49. c5 bxc5 50. bxc5 Ne4 51. c6 Ke7 52. Nxf5+ Kd8 53. Kxe4 Kc7 54. Nd4 Kd6 55. f5 a4 56. f6 Kc5 57. c7 Kd6 58. f7 1-0

[Event "CYCC U12"]
[Site "Quebec CAN"]
[Date "2008.07.14"]
[Round "2"]
[White "Violette, Sebastien"]
[Black "Mongenais, Jacob"]
[Result "0-1"]
[WhiteElo "1090"]
[BlackElo "1441"]
[PlyCount "112"]
[GameId "2160767910354033"]
[EventDate "2008.07.14"]
[EventType "swiss"]
[EventRounds "7"]
[EventCountry "CAN"]
[SourceTitle "EXT 2011"]
[Source "ChessBase"]
[SourceDate "2011.11.26"]
[SourceVersion "1"]
[SourceVersionDate "2011.11.26"]
[SourceQuality "1"]

1. e4 e5 2. Nf3 Nc6 3. Bc4 Nf6 4. d4 exd4 5. e5 d5 6. Bb5 Ne4 7. Nxd4 Bc5 8. Be3 Bd7 9. Bxc6 bxc6 10. Nd2 Nxd2 11. Qxd2 Qe7 12. Bg5 Qxe5+ 13. Be3 O-O 14. O-O-O Qe7 15. Rhe1 Rfe8 16. Bg5 Qf8 17. Rxe8 Rxe8 18. c3 a5 19. a3 Rb8 20. b4 Bd6 21. Bf4 Ra8 22. Bxd6 Qxd6 23. Re1 axb4 24. axb4 Ra1+ 25. Kb2 Rxe1 26. Qxe1 Qxh2 27. Nf5 Qxg2 28. Qe7 Qxf2+ 29. Kb3 h5 30. Qxd7 h4 31. Nxh4 Qxh4 32. Qe8+ Kh7 33. Qxf7 Qd8 34. c4 dxc4+ 35. Qxc4 Qd5 36. Qxd5 cxd5 37. b5 g5 38. Ka4 g4 39. Ka5 g3 40. b6 cxb6+ 41. Kxb6 g2 42. Kc5 g1=Q+ 43. Kxd5 Qe3 44. Kc4 Qd2 45. Kc5 Qd3 46. Kb4 Qc2 47. Kb5 Qc3 48. Kb6 Qc4 49. Kb7 Qc5 50. Kb8 Qe7 51. Kc8 Kg6 52. Kb8 Kf6 53. Kc8 Ke6 54. Kb8 Kd6 55. Ka8 Kc6 56. Kb8 Qb7# 0-1

[Event "CYCC U12"]
[Site "Quebec CAN"]
[Date "2008.07.14"]
[Round "2"]
[White "Xu, Tian Run"]
[Black "Dumais, Remi"]
[Result "1-0"]
[WhiteElo "1549"]
[BlackElo "975"]
[PlyCount "45"]
[GameId "2160767910354034"]
[EventDate "2008.07.14"]
[EventType "swiss"]
[EventRounds "7"]
[EventCountry "CAN"]
[SourceTitle "EXT 2011"]
[Source "ChessBase"]
[SourceDate "2011.11.26"]
[SourceVersion "1"]
[SourceVersionDate "2011.11.26"]
[SourceQuality "1"]

1. e4 e5 2. Nf3 Nc6 3. Bc4 Nf6 4. Nc3 Bc5 5. d3 O-O 6. O-O d6 7. Bg5 Bd7 8. Nd5 Bc8 9. Nxf6+ Kh8 10. Nd5 Qd7 11. Be3 Bxe3 12. Nxe3 Qe7 13. h3 Qf6 14. Nd5 Qg6 15. Nh4 Qg5 16. Nf5 Nd4 17. Ng3 f5 18. exf5 Nxf5 19. Nxc7 Nxg3 20. fxg3 Rd8 21. Kh2 d5 22. Bxd5 Rd6 23. Rf8# 1-0

[Event "CYCC U12"]
[Site "Quebec CAN"]
[Date "2008.07.15"]
[Round "3"]
[White "Chan, Alex H"]
[Black "Xu, Tian Run"]
[Result "1/2-1/2"]
[WhiteElo "1633"]
[BlackElo "1549"]
[PlyCount "146"]
[GameId "2160767910354035"]
[EventDate "2008.07.14"]
[EventType "swiss"]
[EventRounds "7"]
[EventCountry "CAN"]
[SourceTitle "EXT 2011"]
[Source "ChessBase"]
[SourceDate "2011.11.26"]
[SourceVersion "1"]
[SourceVersionDate "2011.11.26"]
[SourceQuality "1"]

1. e4 e5 2. Nf3 Nc6 3. Bb5 Nf6 4. O-O d6 5. c3 Bd7 6. d4 exd4 7. cxd4 a6 8. Ba4 Be7 9. Re1 O-O 10. h3 h6 11. Bb3 Na5 12. Bc2 Re8 13. Nbd2 Nc6 14. a3 b5 15. Nf1 Nh5 16. N3h2 Nf6 17. Ng3 Nh7 18. Rf1 Bf6 19. Ne2 Be7 20. f4 Bf8 21. Qd3 g6 22. Ng3 Qh4 23. Rf3 Rad8 24. Be3 Bg7 25. Ne2 Qe7 26. g4 f6 27. Ng3 Kh8 28. h4 Nf8 29. h5 g5 30. fxg5 hxg5 31. Nf5 Bxf5 32. gxf5 Qf7 33. Rh3 Bh6 34. Ng4 Kh7 35. a4 Nb4 36. Qb3 Qxb3 37. Bxb3 Kg7 38. axb5 axb5 39. Ra7 Rd7 40. Nf2 Nc6 41. Rb7 Na5 42. Rxb5 Nxb3 43. Rxb3 Rc8 44. Bd2 c5 45. Rhc3 Rdc7 46. dxc5 dxc5 47. Ng4 Nd7 48. Be3 c4 49. Rb4 Kh7 50. Bb6 Rc6 51. Bd4 R8c7 52. b3 cxb3 53. Rxc6 Rxc6 54. Rxb3 Rd6 55. Bb2 Bg7 56. Kg2 Rd2+ 57. Kg1 Nc5 58. Rb6 Nxe4 59. Nxf6+ Bxf6 60. Bxf6 Rd5 61. Be7 Rxf5 62. Rg6 Re5 63. Bd8 Rd5 64. Be7 Rf5 65. Bd8 Rd5 66. Be7 Kh8 67. Kg2 Rf5 68. Bd8 Kh7 69. Be7 Rf7 70. Kg1 Rf5 71. Kg2 Re5 72. Bd8 Rd5 73. Be7 Re5 1/2-1/2

[Event "CYCC U12"]
[Site "Quebec CAN"]
[Date "2008.07.15"]
[Round "3"]
[White "Chuchin, Sasha"]
[Black "Robichaud, Nicolas"]
[Result "1-0"]
[WhiteElo "1124"]
[BlackElo "1051"]
[PlyCount "105"]
[GameId "2160767910354036"]
[EventDate "2008.07.14"]
[EventType "swiss"]
[EventRounds "7"]
[EventCountry "CAN"]
[SourceTitle "EXT 2011"]
[Source "ChessBase"]
[SourceDate "2011.11.26"]
[SourceVersion "1"]
[SourceVersionDate "2011.11.26"]
[SourceQuality "1"]

1. e4 c5 2. Nf3 e6 3. d4 Nf6 4. Bg5 Be7 5. Nc3 O-O 6. Bb5 d6 7. O-O a6 8. Bc4 Nc6 9. d5 Na5 10. Bb3 Nxb3 11. axb3 Qd7 12. Re1 e5 13. Na4 Qc7 14. Qd2 g6 15. Bh6 Re8 16. Qe3 Ng4 17. Qd2 Bd8 18. Bg5 Qa5 19. Bxd8 Qxd2 20. Nxd2 Rxd8 21. Nb6 Ra7 22. f3 Nf6 23. Ndc4 Nd7 24. Nxc8 Rxc8 25. Nxd6 Rd8 26. Nc4 b5 27. Ne3 Rda8 28. c4 b4 29. Ng4 Kg7 30. Red1 a5 31. d6 a4 32. bxa4 Rxa4 33. Rxa4 Rxa4 34. b3 Ra3 35. Rd3 Ra1+ 36. Kf2 Ra2+ 37. Kg3 Nf6 38. Nxf6 Kxf6 39. d7 Ra8 40. d8=Q+ Rxd8 41. Rxd8 h5 42. Rd5 g5 43. Rxc5 h4+ 44. Kg4 Kg6 45. Rd5 f6 46. c5 f5+ 47. exf5+ Kf6 48. c6 Ke7 49. c7 e4 50. c8=Q exf3 51. Qc6 fxg2 52. Rd7+ Ke8 53. Qc8# 1-0

[Event "CYCC U12"]
[Site "Quebec CAN"]
[Date "2008.07.15"]
[Round "3"]
[White "Du, Bob"]
[Black "Gagnon, Justin"]
[Result "0-1"]
[WhiteElo "1054"]
[BlackElo "1577"]
[PlyCount "92"]
[GameId "2160767910354037"]
[EventDate "2008.07.14"]
[EventType "swiss"]
[EventRounds "7"]
[EventCountry "CAN"]

1. e4 e6 2. d4 d5 3. exd5 exd5 4. Nc3 Nf6 5. Qe2+ Be6 6. Nf3 Nc6 7. Bg5 h6 8. Bxf6 Qxf6 9. Nxd5 Qd8 10. Nf4 Nxd4 11. O-O-O Nxe2+ 12. Bxe2 Qf6 13. Nxe6 fxe6 14. Rd2 Bd6 15. Rhd1 Bf4 16. Kb1 Bxd2 17. Rxd2 O-O 18. Rd7 Qg6 19. g3 Qe4 20. Bd1 Rfd8 21. Rxd8+ Rxd8 22. Kc1 Rxd1+ 23. Kxd1 Qxf3+ 24. Ke1 e5 25. h4 e4 26. b3 e3 27. fxe3 Qxe3+ 28. Kd1 Qxg3 29. a4 Qxh4 30. Kd2 Qd4+ 31. Kc1 a5 32. Kb1 b5 33. axb5 a4 34. Ka2 axb3+ 35. Kxb3 Qc5 36. c4 c6 37. bxc6 Qxc6 38. Kb4 g5 39. c5 g4 40. Kc4 g3 41. Kd4 g2 42. Kc4 g1=Q 43. Kd3 Qd5+ 44. Ke2 Qe4+ 45. Kd2 Qge3+ 46. Kd1 Q4d3# 0-1

[Event "CYCC U12"]
[Site "Quebec CAN"]
[Date "2008.07.15"]
[Round "3"]
[White "Farrant-Diaz, Nathan"]
[Black "Sohal, Tanraj"]
[Result "0-1"]
[WhiteElo "1571"]
[BlackElo "1876"]
[PlyCount "64"]
[GameId "2160767910354039"]
[EventDate "2008.07.14"]
[EventType "swiss"]
[EventRounds "7"]
[EventCountry "CAN"]
[SourceTitle "EXT 2011"]
[Source "ChessBase"]
[SourceDate "2011.11.26"]
[SourceVersion "1"]
[SourceVersionDate "2011.11.26"]
[SourceQuality "1"]

1. e4 c5 2. Nf3 Nc6 3. d4 cxd4 4. Nxd4 Nf6 5. Nc3 e6 6. Nxc6 bxc6 7. e5 Nd5 8. Bd2 Qc7 9. Nxd5 exd5 10. Bf4 Qb6 11. Rb1 Bc5 12. Bg3 Qb4+ 13. c3 Qe4+ 14. Be2 Ba6 15. Rc1 Qxg2 16. Rf1 Qe4 17. Rc2 Bxe2 18. Rxe2 Qc4 19. a3 O-O 20. Rg1 d4 21. Bh4 Rfe8 22. Bf6 g6 23. Qd2 d3 24. Re3 Qf4 25. h4 Bxe3 26. fxe3 Qe4 27. Qg2 Qxe3+ 28. Kd1 Re6 29. Re1 Qb6 30. Qd2 Rae8 31. Rh1 d6 32. Qh6 Qb3+ 0-1

[Event "CYCC U12"]
[Site "Quebec CAN"]
[Date "2008.07.15"]
[Round "3"]
[White "Florea, Alexandru"]
[Black "Kaufman, Elliot"]
[Result "1-0"]
[WhiteElo "1824"]
[BlackElo "1412"]
[PlyCount "59"]
[GameId "2160767910354040"]
[EventDate "2008.07.14"]
[EventType "swiss"]
[EventRounds "7"]
[EventCountry "CAN"]
[SourceTitle "EXT 2011"]
[Source "ChessBase"]
[SourceDate "2011.11.26"]
[SourceVersion "1"]
[SourceVersionDate "2011.11.26"]
[SourceQuality "1"]

1. e4 c5 2. f4 d5 3. exd5 Qxd5 4. Nc3 Qd8 5. Nf3 Nf6 6. Bb5+ Bd7 7. Bxd7+ Qxd7 8. O-O Nc6 9. d3 e6 10. h3 h5 11. Be3 O-O-O 12. a4 Nd5 13. Qe2 a6 14. a5 Bd6 15. Na4 Qe7 16. Ne5 Nxf4 17. Bxf4 Nd4 18. Qf2 g5 19. Bh2 Qc7 20. Nb6+ Kb8 21. Nec4 Nf5 22. Nxd6 Nxd6 23. Nc4 Ka8 24. Bxd6 Rxd6 25. Nxd6 Qxd6 26. Qf6 Qd8 27. Qxd8+ Rxd8 28. Rxf7 Ka7 29. Re1 Re8 30. Rf6 1-0

[Event "CYCC U12"]
[Site "Quebec CAN"]
[Date "2008.07.15"]
[Round "3"]
[White "Itkin, David"]
[Black "Cheng, Guy"]
[Result "0-1"]
[WhiteElo "1597"]
[BlackElo "894"]
[PlyCount "92"]
[GameId "2160767910354041"]
[EventDate "2008.07.14"]
[EventType "swiss"]
[EventRounds "7"]
[EventCountry "CAN"]
[SourceTitle "EXT 2011"]
[Source "ChessBase"]
[SourceDate "2011.11.26"]
[SourceVersion "1"]
[SourceVersionDate "2011.11.26"]
[SourceQuality "1"]

1. e4 c5 2. Nf3 d6 3. d4 cxd4 4. Nxd4 Nf6 5. Nc3 a6 6. Bc4 Qc7 7. Bb3 e6 8. O-O Be7 9. Kh1 Bd7 10. Be3 Nc6 11. a4 O-O 12. f4 Qa5 13. Qf3 Rae8 14. f5 Bd8 15. Qh3 Nxd4 16. Bxd4 Qb4 17. Rad1 e5 18. Be3 Be7 19. Na2 Qxe4 20. Nc3 Qg4 21. Nd5 Qxh3 22. Nxe7+ Rxe7 23. gxh3 Bc6+ 24. Kg1 Rd7 25. c4 Rfd8 26. Bb6 Re8 27. a5 d5 28. cxd5 Bxd5 29. Ba4 Bc6 30. Bxc6 bxc6 31. Rxd7 Nxd7 32. Rc1 Nb8 33. Bc7 h6 34. Bxb8 Rxb8 35. Rxc6 Rxb2 36. Rxa6 Ra2 37. Ra8+ Kh7 38. a6 e4 39. Ra7 e3 40. Rxf7 Ra1+ 41. Kg2 e2 42. f6 e1=Q 43. Rxg7+ Kh8 44. Re7 Ra2+ 45. Kf3 Rf2+ 46. Kg4 Qg1+ 0-1

[Event "CYCC U12"]
[Site "Quebec CAN"]
[Date "2008.07.15"]
[Round "3"]
[White "Leu, Richard"]
[Black "Lepine, Cedric"]
[Result "1-0"]
[WhiteElo "1962"]
[BlackElo "1541"]
[PlyCount "57"]
[GameId "2160767910354042"]
[EventDate "2008.07.14"]
[EventType "swiss"]
[EventRounds "7"]
[EventCountry "CAN"]
[SourceTitle "EXT 2011"]
[Source "ChessBase"]
[SourceDate "2011.11.26"]
[SourceVersion "1"]
[SourceVersionDate "2011.11.26"]
[SourceQuality "1"]

1. d4 d5 2. c4 c6 3. Nf3 Nf6 4. e3 e6 5. Nc3 Nbd7 6. Bd3 Bd6 7. O-O O-O 8. e4 dxe4 9. Nxe4 Nxe4 10. Bxe4 c5 11. dxc5 Nxc5 12. Bc2 f5 13. Re1 Ne4 14. Qe2 Nf6 15. Ne5 Qc7 16. Bf4 b6 17. Rad1 Bb7 18. f3 Rfe8 19. Kh1 Rad8 20. b3 h6 21. Bc1 g5 22. Bb2 Nd7 23. Nxd7 Rxd7 24. Bxf5 Rde7 25. Bg6 Rf8 26. Be4 Bxe4 27. Qxe4 Rf4 28. Qg6+ Kf8 29. Rxe6 1-0

[Event "CYCC U12"]
[Site "Quebec CAN"]
[Date "2008.07.15"]
[Round "3"]
[White "Leveille, Francois1"]
[Black "Chartrand, Maxime"]
[Result "1-0"]
[WhiteElo "1124"]
[BlackElo "977"]
[PlyCount "89"]
[GameId "2160767910354043"]
[EventDate "2008.07.14"]
[EventType "swiss"]
[EventRounds "7"]
[EventCountry "CAN"]
[SourceTitle "EXT 2011"]
[Source "ChessBase"]
[SourceDate "2011.11.26"]
[SourceVersion "1"]
[SourceVersionDate "2011.11.26"]
[SourceQuality "1"]

1. e4 e5 2. Nf3 Nc6 3. Bc4 Bc5 4. c3 Nf6 5. d4 Nxe4 6. O-O exd4 7. cxd4 Bb4 8. a3 Ba5 9. b4 Bb6 10. Re1 d5 11. Bb5 a6 12. Bxc6+ bxc6 13. Nc3 Qe7 14. Nxe4 dxe4 15. Nd2 Bxd4 16. Rb1 O-O 17. Rxe4 Qd8 18. Nf3 Be3 19. Bxe3 Qxd1+ 20. Rxd1 Bf5 21. Red4 Bc2 22. R1d2 Bf5 23. Bf4 Bg4 24. Bxc7 Rae8 25. h3 Bf5 26. Ne5 f6 27. Nxc6 Rf7 28. Rd8 Kf8 29. R2d5 Rxc7 30. Rxe8+ Kxe8 31. Rd8+ Kf7 32. Nd4 Rc1+ 33. Kh2 Rd1 34. g4 Be4 35. a4 Ke7 36. Nc6+ Bxc6 37. Rxd1 Bf3 38. Re1+ Kf7 39. b5 a5 40. b6 g5 41. Rc1 h5 42. Rc7+ Ke8 43. gxh5 Bxh5 44. b7 g4 45. b8=Q# 1-0

[Event "CYCC U12"]
[Site "Quebec CAN"]
[Date "2008.07.15"]
[Round "3"]
[White "Mongenais, Jacob"]
[Black "Luo, Zhao Yang"]
[Result "0-1"]
[WhiteElo "1441"]
[BlackElo "1795"]
[PlyCount "70"]
[GameId "2160767910354044"]
[EventDate "2008.07.14"]
[EventType "swiss"]
[EventRounds "7"]
[EventCountry "CAN"]
[SourceTitle "EXT 2011"]
[Source "ChessBase"]
[SourceDate "2011.11.26"]
[SourceVersion "1"]
[SourceVersionDate "2011.11.26"]
[SourceQuality "1"]

1. e4 c6 2. d4 d5 3. Nc3 dxe4 4. Nxe4 Bf5 5. Ng3 Bg6 6. h4 h6 7. Nf3 Nf6 8. Ne5 Bh7 9. Bc4 e6 10. Qe2 Nd5 11. Bxd5 Qxd5 12. Nf3 Bd6 13. c4 Qa5+ 14. Bd2 Qd8 15. Ne5 Nd7 16. f4 Bxe5 17. fxe5 Qc7 18. O-O c5 19. Bc3 Rc8 20. Qf2 O-O 21. Qe2 cxd4 22. Bxd4 Qxc4 23. Qxc4 Rxc4 24. Rfe1 Rxd4 25. Rad1 Rxd1 26. Rxd1 Nxe5 27. Kf2 Rc8 28. Ke3 Nc4+ 29. Kf4 e5+ 30. Kf3 Nb6 31. Ne4 Bxe4+ 32. Kxe4 f6 33. Kf5 Kf7 34. g3 Rc4 35. Rd6 g6# 0-1

[Event "CYCC U12"]
[Site "Quebec CAN"]
[Date "2008.07.15"]
[Round "3"]
[White "Pecherski, Daniel"]
[Black "Lai, Jonathan"]
[Result "1-0"]
[WhiteElo "1740"]
[BlackElo "1563"]
[PlyCount "57"]
[GameId "2160767910354045"]
[EventDate "2008.07.14"]
[EventType "swiss"]
[EventRounds "7"]
[EventCountry "CAN"]
[SourceTitle "EXT 2011"]
[Source "ChessBase"]
[SourceDate "2011.11.26"]
[SourceVersion "1"]
[SourceVersionDate "2011.11.26"]
[SourceQuality "1"]

1. d4 Nf6 2. c4 g6 3. Nc3 d5 4. e3 Bg7 5. Nf3 O-O 6. Bd3 c6 7. O-O Be6 8. Qe2 Qc7 9. Bd2 Nbd7 10. Rac1 Nb6 11. b3 Rac8 12. Ne5 Nbd7 13. f4 Nxe5 14. fxe5 dxc4 15. Bxc4 Bxc4 16. Qxc4 Nd7 17. Rxf7 Rxf7 18. e6 Nf6 19. exf7+ Kf8 20. e4 Ng4 21. e5 Rd8 22. Nd5 Qd7 23. Nf4 Rb8 24. Ne6+ Kxf7 25. Ng5+ Ke8 26. Qf7+ Kd8 27. Ne6+ Kc8 28. Qg8+ Qd8 29. Qxd8# 1-0

[Event "CYCC U12"]
[Site "Quebec CAN"]
[Date "2008.07.15"]
[Round "3"]
[White "Qin, Zi Yi (Joey)"]
[Black "Nunez-Painchaud, Raphael"]
[Result "1-0"]
[WhiteElo "2194"]
[BlackElo "1686"]
[PlyCount "45"]
[GameId "2160767910354046"]
[EventDate "2008.07.14"]
[EventType "swiss"]
[EventRounds "7"]
[EventCountry "CAN"]

1. e4 c5 2. Nf3 Nc6 3. d4 cxd4 4. Nxd4 g6 5. c4 Bg7 6. Be3 d6 7. Nc3 Nf6 8. Be2 O-O 9. O-O Bd7 10. f3 Nxd4 11. Bxd4 Bc6 12. Qd2 Nd7 13. Be3 Re8 14. b4 Nb6 15. Rac1 Bd7 16. Rfd1 Be6 17. Nd5 Bxd5 18. exd5 a5 19. c5 Nd7 20. c6 bxc6 21. dxc6 Nf8 22. b5 Ne6 23. b6 1-0

[Event "CYCC U12"]
[Site "Quebec CAN"]
[Date "2008.07.15"]
[Round "3"]
[White "Tetreault Labarge, Pierre"]
[Black "Violette, Sebastien"]
[Result "1-0"]
[WhiteElo "992"]
[BlackElo "1090"]
[PlyCount "45"]
[GameId "2160767910354047"]
[EventDate "2008.07.14"]
[EventType "swiss"]
[EventRounds "7"]
[EventCountry "CAN"]
[SourceTitle "EXT 2011"]
[Source "ChessBase"]
[SourceDate "2011.11.26"]
[SourceVersion "1"]
[SourceVersionDate "2011.11.26"]
[SourceQuality "1"]

1. e4 e5 2. Nf3 Nc6 3. Bb5 Nf6 4. O-O Bc5 5. b4 Nxb4 6. Ba3 Nxe4 7. Nxe5 Qf6 8. Bb2 Bxf2+ 9. Rxf2 Qxf2+ 10. Kh1 c6 11. Ba4 O-O 12. Ba3 Re8 13. Bxb4 Rxe5 14. Nc3 Nxc3 15. Bxc3 Re1+ 16. Qxe1 Qxe1+ 17. Rxe1 h6 18. Re8+ Kh7 19. Bd4 b5 20. Bb3 a5 21. c4 a4 22. Bc2+ g6 23. Rh8# 1-0

[Event "CYCC U12"]
[Site "Quebec CAN"]
[Date "2008.07.15"]
[Round "3"]
[White "Tremblay, Kevin"]
[Black "Liu, Steven2"]
[Result "0-1"]
[WhiteElo "1268"]
[BlackElo "1656"]
[PlyCount "116"]
[GameId "2160767910354048"]
[EventDate "2008.07.14"]
[EventType "swiss"]
[EventRounds "7"]
[EventCountry "CAN"]
[SourceTitle "EXT 2011"]
[Source "ChessBase"]
[SourceDate "2011.11.26"]
[SourceVersion "1"]
[SourceVersionDate "2011.11.26"]
[SourceQuality "1"]

1. e4 c6 2. d4 d5 3. Nc3 dxe4 4. Nxe4 Bf5 5. Ng3 Bg6 6. Nf3 Nd7 7. Bd3 Bxd3 8. Qxd3 Ngf6 9. Bf4 e6 10. O-O Nd5 11. Bg5 Be7 12. h4 Bxg5 13. Nxg5 h6 14. N5e4 O-O 15. Rad1 Qxh4 16. Rfe1 Qd8 17. Nc5 Nxc5 18. dxc5 Nf6 19. Re2 Qxd3 20. Rxd3 Rad8 21. Red2 Rd5 22. b4 Rfd8 23. Nf1 Rxd3 24. Rxd3 Rxd3 25. cxd3 Nd5 26. a3 Nf4 27. d4 Ne2+ 28. Kh2 Nxd4 29. Ne3 Nb5 30. a4 Nc3 31. a5 Nd5 32. Nc2 g6 33. Kg3 Kg7 34. f4 Kf6 35. Kg4 h5+ 36. Kf3 e5 37. fxe5+ Kxe5 38. g3 f6 39. Ne3 Nxe3 40. Kxe3 f5 41. Kd3 g5 42. Ke3 f4+ 43. gxf4+ gxf4+ 44. Kf3 Kf5 45. Kg2 a6 46. Kf3 h4 47. Kg2 Kg4 48. b5 f3+ 49. Kf2 h3 50. bxc6 bxc6 51. Kg1 Kg3 52. Kh1 Kf2 53. Kh2 Ke2 54. Kxh3 f2 55. Kg4 f1=Q 56. Kg5 Ke3 57. Kg6 Ke4 58. Kg7 Ke5 0-1

[Event "CYCC U12"]
[Site "Quebec CAN"]
[Date "2008.07.15"]
[Round "3"]
[White "Wang, Yuekai"]
[Black "Cai, Tony"]
[Result "1/2-1/2"]
[WhiteElo "1760"]
[BlackElo "1683"]
[PlyCount "118"]
[GameId "2160767910354049"]
[EventDate "2008.07.14"]
[EventType "swiss"]
[EventRounds "7"]
[EventCountry "CAN"]
[SourceTitle "EXT 2011"]
[Source "ChessBase"]
[SourceDate "2011.11.26"]
[SourceVersion "1"]
[SourceVersionDate "2011.11.26"]
[SourceQuality "1"]

1. e4 c5 2. Nf3 Nc6 3. d4 cxd4 4. Nxd4 Nf6 5. Nc3 e5 6. Ndb5 d6 7. Nd5 Nxd5 8. Qxd5 Be6 9. Qd2 a6 10. Nc3 Be7 11. Bd3 O-O 12. O-O Rc8 13. Ne2 d5 14. exd5 Bxd5 15. c3 f5 16. Rd1 Be6 17. f3 Qe8 18. Qe1 Qg6 19. Qg3 Qxg3 20. Nxg3 Rfd8 21. Nf1 e4 22. fxe4 fxe4 23. Be2 Rxd1 24. Bxd1 Bc5+ 25. Be3 Bxe3+ 26. Nxe3 Bf7 27. Bc2 Bg6 28. Rd1 Rd8 29. Rxd8+ Nxd8 30. Nc4 Bf7 31. Ne3 Kf8 32. Bxe4 Bxa2 33. Bxh7 Ke7 34. Bc2 Be6 35. Kf2 Kf6 36. Kf3 Ke5 37. Bd3 b5 38. g3 Nb7 39. b4 Nd6 40. Nc2 Bc4 41. Bxc4 Nxc4 42. Ke2 Ke4 43. Nd4 Na3 44. Kd2 Nc4+ 45. Ke2 Na3 46. Ne6 g6 47. Nc5+ Kd5 48. Nxa6 Kc4 49. Kd2 Nb1+ 50. Kc2 Nxc3 51. Nc5 Kxb4 52. Nd3+ Kc4 53. Ne5+ Kd5 54. Nxg6 Ne4 55. Kb3 Kd6 56. Kb4 Ke6 57. Kxb5 Kf5 58. Nf4 Kg4 59. Kc4 Nxg3 1/2-1/2

[Event "CYCC U12"]
[Site "Quebec CAN"]
[Date "2008.07.15"]
[Round "3"]
[White "Zhang, Zhiyuan"]
[Black "Li, Chang He"]
[Result "0-1"]
[WhiteElo "1694"]
[BlackElo "1967"]
[PlyCount "86"]
[GameId "2160767910354050"]
[EventDate "2008.07.14"]
[EventType "swiss"]
[EventRounds "7"]
[EventCountry "CAN"]
[SourceTitle "EXT 2011"]
[Source "ChessBase"]
[SourceDate "2011.11.26"]
[SourceVersion "1"]
[SourceVersionDate "2011.11.26"]
[SourceQuality "1"]

1. Nf3 d5 2. c4 c6 3. b3 Nf6 4. Bb2 Bf5 5. d3 Nbd7 6. Nbd2 e6 7. Nh4 Bg6 8. Nxg6 hxg6 9. g3 Bc5 10. d4 Be7 11. Bg2 O-O 12. O-O b5 13. a4 bxc4 14. bxc4 Rb8 15. Qc2 Qa5 16. c5 Rb7 17. Bc3 Qc7 18. Nb3 Rbb8 19. Rfb1 e5 20. e3 Nh7 21. Bf1 exd4 22. exd4 f5 23. a5 Ndf6 24. Bd2 Nh5 25. a6 Ng5 26. Bxg5 Bxg5 27. Na5 Rxb1 28. Qxb1 Rb8 29. Nb7 Nf6 30. Ra2 Ne4 31. Qd3 Bf6 32. f3 Ng5 33. Re2 Bxd4+ 34. Kg2 Bf6 35. h4 Nf7 36. h5 Ne5 37. Qb1 Qf7 38. hxg6 Qxg6 39. f4 Ng4 40. Qd1 Re8 41. Qa4 Qh5 42. Qxc6 Rxe2+ 43. Bxe2 Qh2+ 0-1

[Event "CYCC U12"]
[Site "Quebec CAN"]
[Date "2008.07.15"]
[Round "4"]
[White "Du, Bob"]
[Black "Tremblay, Kevin"]
[Result "1-0"]
[WhiteElo "1054"]
[BlackElo "1268"]
[PlyCount "109"]
[GameId "2160767910354051"]
[EventDate "2008.07.14"]
[EventType "swiss"]
[EventRounds "7"]
[EventCountry "CAN"]

1. e4 e5 2. Nf3 Nc6 3. Bb5 a6 4. Ba4 b5 5. Bb3 Bc5 6. d3 Nf6 7. Ng5 d5 8. exd5 Na5 9. c4 Ng4 10. O-O h6 11. Ne4 c6 12. Nxc5 Qc7 13. h3 Nf6 14. Ne4 Nxe4 15. dxe4 bxc4 16. Ba4 O-O 17. dxc6 Nxc6 18. Qe2 Qd6 19. Qxc4 Qg6 20. Qd3 Nb4 21. Qf3 Rd8 22. Rd1 Rxd1+ 23. Bxd1 Be6 24. a3 Nc6 25. Qh5 Qxe4 26. Qe2 Qd5 27. Nc3 Qd8 28. Qd2 Qc7 29. Bf3 Rd8 30. Nd5 Qb7 31. b4 Kh8 32. Bb2 Ne7 33. Nxe7 Qxe7 34. Qe2 Qg5 35. Bg4 Rd2 36. Qxe5 Qg6 37. Bc1 Rd8 38. Bxe6 Rd1+ 39. Kh2 fxe6 40. Qb8+ Kh7 41. Qb6 Qf5 42. Bb2 Rd2 43. Bd4 Qf4+ 44. g3 Qe4 45. Be3 Rb2 46. Qd4 Qc2 47. Kg2 Qc6+ 48. Kg1 Rc2 49. Qd3+ Kg8 50. Qg6 Rb2 51. Bd4 Kf8 52. Qxg7+ Ke8 53. Bxb2 Qc2 54. Rc1 Qf5 55. Rc8# 1-0

[Event "CYCC U12"]
[Site "Quebec CAN"]
[Date "2008.07.15"]
[Round "4"]
[White "Dumais, Remi"]
[Black "Mongenais, Jacob"]
[Result "0-1"]
[WhiteElo "975"]
[BlackElo "1441"]
[PlyCount "40"]
[GameId "2160767910354053"]
[EventDate "2008.07.14"]
[EventType "swiss"]
[EventRounds "7"]
[EventCountry "CAN"]
[SourceTitle "EXT 2011"]
[Source "ChessBase"]
[SourceDate "2011.11.26"]
[SourceVersion "1"]
[SourceVersionDate "2011.11.26"]
[SourceQuality "1"]

1. e4 e5 2. Nf3 Nc6 3. Bc4 Nf6 4. d4 exd4 5. e5 d5 6. Bb5 Ne4 7. Nxd4 Bc5 8. Bf4 O-O 9. O-O Bxd4 10. Nd2 Nxd2 11. Bxd2 Bxe5 12. Bd3 Qd6 13. b4 Bxh2+ 14. Kh1 Nxb4 15. Bxb4 Qh6 16. Re1 Bf4+ 17. Kg1 Qh2+ 18. Kf1 Qh1+ 19. Ke2 Bg4+ 20. f3 Qxg2# 0-1